00660nam a2200217Ia 4500003000900000008004100009040001300050040001300063041000800076100002300084245006800107250001300175260001200188260000900200300001100209300001000220490000600230942000700236999001700243952018200260IT-RoPAU120407s9999 xx 000 0 und d aIT-RoPAU cIT-RoPAU aita aFederico Schelling aRicerche filosofiche sulla assenza della libertà umana (1809) aLanciano aCarabba c1910 a134 p. c19 cm v1 cBK c25282d25282 00102ddc406108_11700000000000071aPAULUSbPAULUSd2012-04-11l0o108.117r2012-04-11 00:00:00w2012-04-11yBKzInserito da: In data: n.d. fondo: Via A.Severo 56 Progr:30995